Statistics for Team USA at the Olympics - 2006 to 2014 (Ice Hockey)

Click here to take the quiz!

General Stats

  • This quiz has been taken 40 times
  • The average score is 14 of 56

Answer Stats

Answer % Correct
Patrick Kane
94%
Jonathan Quick
88%
Ryan Miller
73%
Aaron Miller
73%
Mike Modano
58%
Tim Thomas
52%
Jack Johnson
45%
T.J. Oshie
45%
Erik Johnson
45%
Ryan Suter
42%
Phil Kessel
39%
Zach Parisé
39%
Chris Chelios
36%
Joe Pavelski
36%
Ryan Kesler
33%
Keith Tkachuk
30%
Bobby Ryan
24%
John Carlson
24%
David Backes
24%
Rick DiPietro
21%
Jamie Langenbrunner
21%
Bill Guerin
21%
Jimmy Howard
21%
Dustin Brown
21%
Doug Weight
21%
Chris Drury
18%
Mathieu Schneider
18%
Ryan McDonagh
18%
James Van Riemsdyk
18%
Kevin Shattenkirk
18%
Blake Wheeler
18%
Ryan Whitney
18%
Brian Rafalski
15%
Paul Martin
15%
Brian Gionta
15%
Ryan Callahan
12%
BrIan Rolston
12%
Cam Fowler
12%
Scott Gomez
12%
Derian Hatcher
12%
Brooks Orpik
12%
Robert Esche
12%
Max Pacioretty
12%
Derek Stepan
9%
Jason Blake
9%
Erik Cole
9%
John Grahame
9%
Paul Statsny
9%
Jordan Leopold
6%
John-Michael Liles
6%
Tim Gleason
6%
Mark Parrish
6%
Ryan Malone
6%
Justin Faulk
6%
Craig Conroy
3%
Mike Knuble
3%

Score Distribution

Percentile by Number Answered

Percent of People with Each Score

Your Score History

You have not taken this quiz